000
00425nam a2200145Ia 4500
008
100204s9999 xx 000 0 und d
082
_b
13274
100
_a
पाटील वसंत केशव
245
_a
छप्पर
260
_b
"प्रतिमाा प्रकाशन , पुणे 30"
_c
1990
300
_a
172
630
_a
छप्पर
730
_a
छप्पर
942
_c
BOOK
999
_c
457706
_d
457703